=LDR 00000nam 2200000 4500 =001 INLIS000000000041140 =005 20221027111756 =035 ##$$a 0010-061300000041140 =008 221027################g##########1#ind## =041 ##$$a ind =082 ##$$a 813 =090 ##$$a 813, Hir s =100 ##$$a HIRATA, Andrea =245 1#$$a Sebelas patriot, /$c Andrea hirata =260 ##$$a Yogyakarta :$b Bentang Pustaka,$c 2011 =300 ##$$a 108 Hlm, ; $c 21 cm =650 #4$$a FIKSI =850 ##$$a NBPNMAT =084 ##$$a 813 HIR s =990 ##$$a 21400613/BPAP-NTB/20142014 =990 ##$$a 21400613/BPAP-NTB/20142014 =990 ##$$a 0001/BPAP-NTB/20142014 =990 ##$$a 0001/BPAP-NTB/20142015 =990 ##$$a 0001/BPAP-NTB/2016